| 000 | 00638nam a2200193Ia 4500 | ||
|---|---|---|---|
| 003 | IN-BaIIA | ||
| 008 | 211028s9999 xx 000 0 eng d | ||
| 040 | _cIIA Library | ||
| 080 |
_a528.02 _bSCH |
||
| 100 |
_aHermann, De Schlagintweit _9561 |
||
| 245 | 0 |
_aResults of a scientific mission to India and high Asia undertaken between the years 1854 and 1859 _bvol. II, meteriology of India _cDe Schlagintweit, Hermann, Adolphe and Robert |
|
| 260 |
_aLondon _bTrubner _c1866 |
||
| 300 | _axvi, 586p. | ||
| 650 | _aAstronomy and Astrophysics Thesaurus | ||
| 650 | _aGeodesy | ||
| 700 |
_aAdolphe _9562 |
||
| 700 |
_aRobert _9563 |
||
| 942 | _cBK | ||
| 999 |
_c288 _d288 |
||